000
00300nam a2200109Ia 4500
008
200302s9999 xx 000 0 und d
100
_a
Manuel Gausa & Others
245
_a
The Metapolis Dictionary of Architecture
260
_b
Architectural Association Publication
260
_c
2003
300
_a
688 P.,
999
_c
2760
_d
2760